<?xml version="1.0" encoding="UTF-8"?>
<record
    xmlns:xsi="http://www.w3.org/2001/XMLSchema-instance"
    xsi:schemaLocation="http://www.loc.gov/MARC21/slim http://www.loc.gov/standards/marcxml/schema/MARC21slim.xsd"
    xmlns="http://www.loc.gov/MARC21/slim">

  <leader>00889nas a2200265 454500</leader>
  <controlfield tag="001">20191</controlfield>
  <controlfield tag="005">20260407193506.0</controlfield>
  <controlfield tag="008">260407s2001####ag###########|||spa#d</controlfield>
  <controlfield tag="003">AR-UNSa-BCEJYS</controlfield>
  <datafield tag="040" ind1=" " ind2=" ">
    <subfield code="a">AR-UNSa-BCEJYS</subfield>
    <subfield code="b">spa</subfield>
    <subfield code="c">AR-UNSa-BCEJYS</subfield>
  </datafield>
  <datafield tag="080" ind1=" " ind2=" ">
    <subfield code="a">330.35</subfield>
    <subfield code="x">Crecimiento econ&#xF3;mico</subfield>
  </datafield>
  <datafield tag="245" ind1="1" ind2="0">
    <subfield code="a">Estudios y perspectivas</subfield>
  </datafield>
  <datafield tag="022" ind1=" " ind2=" ">
    <subfield code="a">1680-8797</subfield>
  </datafield>
  <datafield tag="264" ind1=" " ind2="1">
    <subfield code="a">Buenos Aires :</subfield>
    <subfield code="b">CEPAL</subfield>
    <subfield code="c">2001</subfield>
  </datafield>
  <datafield tag="310" ind1=" " ind2=" ">
    <subfield code="a">Frecuencia: Irregular</subfield>
  </datafield>
  <datafield tag="942" ind1=" " ind2=" ">
    <subfield code="c">SER</subfield>
  </datafield>
  <datafield tag="590" ind1=" " ind2=" ">
    <subfield code="a">niveau_biblio:s niveau_hierar:1</subfield>
  </datafield>
  <datafield tag="100" ind1="1" ind2=" ">
    <subfield code="a">Naciones Unidas. Comisi&#xF3;n Econ&#xF3;mica para Am&#xE9;rica Latina y el Caribe (CEPAL)</subfield>
  </datafield>
  <datafield tag="650" ind1=" " ind2=" ">
    <subfield code="a">EMPRESAS</subfield>
  </datafield>
  <datafield tag="650" ind1=" " ind2=" ">
    <subfield code="a">Exportaci&#xF3;n/importaci&#xF3;n</subfield>
  </datafield>
  <datafield tag="650" ind1=" " ind2=" ">
    <subfield code="a">Pol&#xED;tica econ&#xF3;mica</subfield>
  </datafield>
  <datafield tag="650" ind1=" " ind2=" ">
    <subfield code="a">Macroeconom&#xED;a</subfield>
  </datafield>
  <datafield tag="650" ind1=" " ind2=" ">
    <subfield code="a">Peque&#xF1;a y mediana empresa</subfield>
  </datafield>
  <datafield tag="856" ind1="4" ind2="1">
    <subfield code="u">https://biblioeco.unsa.edu.ar/pmb/images/revistas/Estudios y Perspectivas.jpg</subfield>
    <subfield code="y">Imagen de portada</subfield>
    <subfield code="q">image/jpeg</subfield>
  </datafield>
  <datafield tag="999" ind1=" " ind2=" ">
    <subfield code="c">8534</subfield>
    <subfield code="d">8534</subfield>
  </datafield>
  <datafield tag="952" ind1=" " ind2=" ">
    <subfield code="0">0</subfield>
    <subfield code="1">0</subfield>
    <subfield code="4">0</subfield>
    <subfield code="7">0</subfield>
    <subfield code="a">BCEJYS</subfield>
    <subfield code="b">BCEJYS</subfield>
    <subfield code="c">17</subfield>
    <subfield code="d">2009-06-01</subfield>
    <subfield code="h">N&#xBA; 41 - jun. 2009</subfield>
    <subfield code="l">0</subfield>
    <subfield code="o">H330.35 EST 41</subfield>
    <subfield code="p">R09390</subfield>
    <subfield code="r">2026-04-10 16:08:01</subfield>
    <subfield code="w">2026-04-10</subfield>
    <subfield code="y">RN</subfield>
  </datafield>
  <datafield tag="952" ind1=" " ind2=" ">
    <subfield code="0">0</subfield>
    <subfield code="1">0</subfield>
    <subfield code="4">0</subfield>
    <subfield code="7">0</subfield>
    <subfield code="a">BCEJYS</subfield>
    <subfield code="b">BCEJYS</subfield>
    <subfield code="c">17</subfield>
    <subfield code="d">2007-02-01</subfield>
    <subfield code="h">N&#xBA; 36 - feb. 2007</subfield>
    <subfield code="l">0</subfield>
    <subfield code="o">H330.35 EST 36</subfield>
    <subfield code="p">R09389</subfield>
    <subfield code="r">2026-04-10 16:08:01</subfield>
    <subfield code="w">2026-04-10</subfield>
    <subfield code="y">RN</subfield>
  </datafield>
  <datafield tag="952" ind1=" " ind2=" ">
    <subfield code="0">0</subfield>
    <subfield code="1">0</subfield>
    <subfield code="4">0</subfield>
    <subfield code="7">0</subfield>
    <subfield code="a">BCEJYS</subfield>
    <subfield code="b">BCEJYS</subfield>
    <subfield code="c">17</subfield>
    <subfield code="d">2006-08-01</subfield>
    <subfield code="h">N&#xBA; 35 - ago. 2006</subfield>
    <subfield code="l">0</subfield>
    <subfield code="o">H330.35 EST 35</subfield>
    <subfield code="p">R09388</subfield>
    <subfield code="r">2026-04-10 16:08:01</subfield>
    <subfield code="w">2026-04-10</subfield>
    <subfield code="y">RN</subfield>
  </datafield>
  <datafield tag="952" ind1=" " ind2=" ">
    <subfield code="0">0</subfield>
    <subfield code="1">0</subfield>
    <subfield code="4">0</subfield>
    <subfield code="7">0</subfield>
    <subfield code="a">BCEJYS</subfield>
    <subfield code="b">BCEJYS</subfield>
    <subfield code="c">17</subfield>
    <subfield code="d">2006-08-01</subfield>
    <subfield code="h">N&#xBA; 35 - ago. 2006</subfield>
    <subfield code="l">0</subfield>
    <subfield code="o">H330.35 EST 35 Ej.2</subfield>
    <subfield code="p">R09391</subfield>
    <subfield code="r">2026-04-10 16:08:01</subfield>
    <subfield code="w">2026-04-10</subfield>
    <subfield code="y">RN</subfield>
  </datafield>
  <datafield tag="952" ind1=" " ind2=" ">
    <subfield code="0">0</subfield>
    <subfield code="1">0</subfield>
    <subfield code="4">0</subfield>
    <subfield code="7">0</subfield>
    <subfield code="a">BCEJYS</subfield>
    <subfield code="b">BCEJYS</subfield>
    <subfield code="c">17</subfield>
    <subfield code="d">2006-06-01</subfield>
    <subfield code="h">N&#xBA; 33 - jun. 2006</subfield>
    <subfield code="l">0</subfield>
    <subfield code="o">H330.35 EST 33</subfield>
    <subfield code="p">R01917</subfield>
    <subfield code="r">2026-04-10 16:08:01</subfield>
    <subfield code="w">2026-04-10</subfield>
    <subfield code="y">RN</subfield>
  </datafield>
  <datafield tag="952" ind1=" " ind2=" ">
    <subfield code="0">0</subfield>
    <subfield code="1">0</subfield>
    <subfield code="4">0</subfield>
    <subfield code="7">0</subfield>
    <subfield code="a">BCEJYS</subfield>
    <subfield code="b">BCEJYS</subfield>
    <subfield code="c">17</subfield>
    <subfield code="d">2006-05-01</subfield>
    <subfield code="h">N&#xBA; 32 - mayo 2006</subfield>
    <subfield code="l">0</subfield>
    <subfield code="o">H330.35 EST 32</subfield>
    <subfield code="p">R01866</subfield>
    <subfield code="r">2026-04-10 16:08:01</subfield>
    <subfield code="w">2026-04-10</subfield>
    <subfield code="y">RN</subfield>
  </datafield>
  <datafield tag="952" ind1=" " ind2=" ">
    <subfield code="0">0</subfield>
    <subfield code="1">0</subfield>
    <subfield code="4">0</subfield>
    <subfield code="7">0</subfield>
    <subfield code="a">BCEJYS</subfield>
    <subfield code="b">BCEJYS</subfield>
    <subfield code="c">17</subfield>
    <subfield code="d">2006-04-01</subfield>
    <subfield code="h">N&#xBA; 31 - abr. 2006</subfield>
    <subfield code="l">0</subfield>
    <subfield code="o">H330.35 EST 31</subfield>
    <subfield code="p">R01865</subfield>
    <subfield code="r">2026-04-10 16:08:01</subfield>
    <subfield code="w">2026-04-10</subfield>
    <subfield code="y">RN</subfield>
  </datafield>
  <datafield tag="952" ind1=" " ind2=" ">
    <subfield code="0">0</subfield>
    <subfield code="1">0</subfield>
    <subfield code="4">0</subfield>
    <subfield code="7">0</subfield>
    <subfield code="a">BCEJYS</subfield>
    <subfield code="b">BCEJYS</subfield>
    <subfield code="c">17</subfield>
    <subfield code="d">2005-11-01</subfield>
    <subfield code="h">N&#xBA; 30 - nov. 2005</subfield>
    <subfield code="l">0</subfield>
    <subfield code="o">H330.35 EST 30</subfield>
    <subfield code="p">R01769</subfield>
    <subfield code="r">2026-04-10 16:08:01</subfield>
    <subfield code="w">2026-04-10</subfield>
    <subfield code="y">RN</subfield>
  </datafield>
  <datafield tag="952" ind1=" " ind2=" ">
    <subfield code="0">0</subfield>
    <subfield code="1">0</subfield>
    <subfield code="4">0</subfield>
    <subfield code="7">0</subfield>
    <subfield code="a">BCEJYS</subfield>
    <subfield code="b">BCEJYS</subfield>
    <subfield code="c">17</subfield>
    <subfield code="d">2005-06-15</subfield>
    <subfield code="h">N&#xBA; 28 - jun. 2005</subfield>
    <subfield code="l">0</subfield>
    <subfield code="o">H330.35 EST 28</subfield>
    <subfield code="p">R01622</subfield>
    <subfield code="r">2026-04-10 16:08:01</subfield>
    <subfield code="w">2026-04-10</subfield>
    <subfield code="y">RN</subfield>
  </datafield>
  <datafield tag="952" ind1=" " ind2=" ">
    <subfield code="0">0</subfield>
    <subfield code="1">0</subfield>
    <subfield code="4">0</subfield>
    <subfield code="7">0</subfield>
    <subfield code="a">BCEJYS</subfield>
    <subfield code="b">BCEJYS</subfield>
    <subfield code="c">17</subfield>
    <subfield code="d">2005-06-01</subfield>
    <subfield code="h">N&#xBA; 27 - jun. 2005</subfield>
    <subfield code="l">0</subfield>
    <subfield code="o">H330.35 EST 27</subfield>
    <subfield code="p">R01623</subfield>
    <subfield code="r">2026-04-10 16:08:01</subfield>
    <subfield code="w">2026-04-10</subfield>
    <subfield code="y">RN</subfield>
  </datafield>
  <datafield tag="952" ind1=" " ind2=" ">
    <subfield code="0">0</subfield>
    <subfield code="1">0</subfield>
    <subfield code="4">0</subfield>
    <subfield code="7">0</subfield>
    <subfield code="a">BCEJYS</subfield>
    <subfield code="b">BCEJYS</subfield>
    <subfield code="c">17</subfield>
    <subfield code="d">2005-05-01</subfield>
    <subfield code="h">N&#xBA; 26 - mayo 2005</subfield>
    <subfield code="l">0</subfield>
    <subfield code="o">H330.35 EST 26</subfield>
    <subfield code="p">R01662</subfield>
    <subfield code="r">2026-04-10 16:08:01</subfield>
    <subfield code="w">2026-04-10</subfield>
    <subfield code="y">RN</subfield>
  </datafield>
  <datafield tag="952" ind1=" " ind2=" ">
    <subfield code="0">0</subfield>
    <subfield code="1">0</subfield>
    <subfield code="4">0</subfield>
    <subfield code="7">0</subfield>
    <subfield code="a">BCEJYS</subfield>
    <subfield code="b">BCEJYS</subfield>
    <subfield code="c">17</subfield>
    <subfield code="d">2005-04-15</subfield>
    <subfield code="h">N&#xBA; 25 - abr. 2005</subfield>
    <subfield code="l">0</subfield>
    <subfield code="o">H330.35 EST 25</subfield>
    <subfield code="p">R01537</subfield>
    <subfield code="r">2026-04-10 16:08:01</subfield>
    <subfield code="w">2026-04-10</subfield>
    <subfield code="y">RN</subfield>
  </datafield>
  <datafield tag="952" ind1=" " ind2=" ">
    <subfield code="0">0</subfield>
    <subfield code="1">0</subfield>
    <subfield code="4">0</subfield>
    <subfield code="7">0</subfield>
    <subfield code="a">BCEJYS</subfield>
    <subfield code="b">BCEJYS</subfield>
    <subfield code="c">17</subfield>
    <subfield code="d">2005-04-01</subfield>
    <subfield code="h">N&#xBA; 24 - abr. 2005</subfield>
    <subfield code="l">0</subfield>
    <subfield code="o">H330.35 EST 24</subfield>
    <subfield code="p">R01115</subfield>
    <subfield code="r">2026-04-10 16:08:01</subfield>
    <subfield code="w">2026-04-10</subfield>
    <subfield code="y">RN</subfield>
  </datafield>
  <datafield tag="952" ind1=" " ind2=" ">
    <subfield code="0">0</subfield>
    <subfield code="1">0</subfield>
    <subfield code="4">0</subfield>
    <subfield code="7">0</subfield>
    <subfield code="a">BCEJYS</subfield>
    <subfield code="b">BCEJYS</subfield>
    <subfield code="c">17</subfield>
    <subfield code="d">2005-04-01</subfield>
    <subfield code="h">N&#xBA; 23 - abr. 2005</subfield>
    <subfield code="l">0</subfield>
    <subfield code="o">H330.35 EST 23</subfield>
    <subfield code="p">R01114</subfield>
    <subfield code="r">2026-04-10 16:08:01</subfield>
    <subfield code="w">2026-04-10</subfield>
    <subfield code="y">RN</subfield>
  </datafield>
  <datafield tag="952" ind1=" " ind2=" ">
    <subfield code="0">0</subfield>
    <subfield code="1">0</subfield>
    <subfield code="4">0</subfield>
    <subfield code="7">0</subfield>
    <subfield code="a">BCEJYS</subfield>
    <subfield code="b">BCEJYS</subfield>
    <subfield code="c">17</subfield>
    <subfield code="d">2005-03-01</subfield>
    <subfield code="h">N&#xBA; 22 - mar. 2005</subfield>
    <subfield code="l">0</subfield>
    <subfield code="o">H330.35 EST 22</subfield>
    <subfield code="p">R01116</subfield>
    <subfield code="r">2026-04-10 16:08:01</subfield>
    <subfield code="w">2026-04-10</subfield>
    <subfield code="y">RN</subfield>
  </datafield>
  <datafield tag="952" ind1=" " ind2=" ">
    <subfield code="0">0</subfield>
    <subfield code="1">0</subfield>
    <subfield code="4">0</subfield>
    <subfield code="7">0</subfield>
    <subfield code="a">BCEJYS</subfield>
    <subfield code="b">BCEJYS</subfield>
    <subfield code="c">17</subfield>
    <subfield code="d">2004-08-01</subfield>
    <subfield code="h">N&#xBA; 21 - ago. 2004</subfield>
    <subfield code="l">0</subfield>
    <subfield code="o">H330.35 EST 21</subfield>
    <subfield code="p">R00018</subfield>
    <subfield code="r">2026-04-10 16:08:01</subfield>
    <subfield code="w">2026-04-10</subfield>
    <subfield code="y">RN</subfield>
  </datafield>
  <datafield tag="952" ind1=" " ind2=" ">
    <subfield code="0">0</subfield>
    <subfield code="1">0</subfield>
    <subfield code="4">0</subfield>
    <subfield code="7">0</subfield>
    <subfield code="a">BCEJYS</subfield>
    <subfield code="b">BCEJYS</subfield>
    <subfield code="c">17</subfield>
    <subfield code="d">2004-06-01</subfield>
    <subfield code="h">N&#xBA; 20 - jun. 2004</subfield>
    <subfield code="l">0</subfield>
    <subfield code="o">H330.35 EST 20</subfield>
    <subfield code="p">R00017</subfield>
    <subfield code="r">2026-04-10 16:08:01</subfield>
    <subfield code="w">2026-04-10</subfield>
    <subfield code="y">RN</subfield>
  </datafield>
  <datafield tag="952" ind1=" " ind2=" ">
    <subfield code="0">0</subfield>
    <subfield code="1">0</subfield>
    <subfield code="4">0</subfield>
    <subfield code="7">0</subfield>
    <subfield code="a">BCEJYS</subfield>
    <subfield code="b">BCEJYS</subfield>
    <subfield code="c">17</subfield>
    <subfield code="d">2004-05-01</subfield>
    <subfield code="h">N&#xBA; 19 - mayo 2004</subfield>
    <subfield code="l">0</subfield>
    <subfield code="o">H330.35 EST 19 v.1</subfield>
    <subfield code="p">R00015</subfield>
    <subfield code="r">2026-04-10 16:08:01</subfield>
    <subfield code="w">2026-04-10</subfield>
    <subfield code="y">RN</subfield>
  </datafield>
  <datafield tag="952" ind1=" " ind2=" ">
    <subfield code="0">0</subfield>
    <subfield code="1">0</subfield>
    <subfield code="4">0</subfield>
    <subfield code="7">0</subfield>
    <subfield code="a">BCEJYS</subfield>
    <subfield code="b">BCEJYS</subfield>
    <subfield code="c">17</subfield>
    <subfield code="d">2004-05-01</subfield>
    <subfield code="h">N&#xBA; 19 - mayo 2004</subfield>
    <subfield code="l">0</subfield>
    <subfield code="o">H330.35 EST 19 v.2</subfield>
    <subfield code="p">R00016</subfield>
    <subfield code="r">2026-04-10 16:08:01</subfield>
    <subfield code="w">2026-04-10</subfield>
    <subfield code="y">RN</subfield>
  </datafield>
  <datafield tag="952" ind1=" " ind2=" ">
    <subfield code="0">0</subfield>
    <subfield code="1">0</subfield>
    <subfield code="4">0</subfield>
    <subfield code="7">0</subfield>
    <subfield code="a">BCEJYS</subfield>
    <subfield code="b">BCEJYS</subfield>
    <subfield code="c">17</subfield>
    <subfield code="d">2003-12-15</subfield>
    <subfield code="h">N&#xBA; 18 - dic. 2003</subfield>
    <subfield code="l">0</subfield>
    <subfield code="o">H330.35 EST 18</subfield>
    <subfield code="p">R00160</subfield>
    <subfield code="r">2026-04-10 16:08:01</subfield>
    <subfield code="w">2026-04-10</subfield>
    <subfield code="y">RN</subfield>
  </datafield>
  <datafield tag="952" ind1=" " ind2=" ">
    <subfield code="0">0</subfield>
    <subfield code="1">0</subfield>
    <subfield code="4">0</subfield>
    <subfield code="7">0</subfield>
    <subfield code="a">BCEJYS</subfield>
    <subfield code="b">BCEJYS</subfield>
    <subfield code="c">17</subfield>
    <subfield code="d">2003-12-01</subfield>
    <subfield code="h">N&#xBA; 17 - dic. 2003</subfield>
    <subfield code="l">0</subfield>
    <subfield code="o">H330.35 EST 17</subfield>
    <subfield code="p">R00159</subfield>
    <subfield code="r">2026-04-10 16:08:01</subfield>
    <subfield code="w">2026-04-10</subfield>
    <subfield code="y">RN</subfield>
  </datafield>
  <datafield tag="952" ind1=" " ind2=" ">
    <subfield code="0">0</subfield>
    <subfield code="1">0</subfield>
    <subfield code="4">0</subfield>
    <subfield code="7">0</subfield>
    <subfield code="a">BCEJYS</subfield>
    <subfield code="b">BCEJYS</subfield>
    <subfield code="c">17</subfield>
    <subfield code="d">2003-08-01</subfield>
    <subfield code="h">N&#xBA; 16 - ago. 2003</subfield>
    <subfield code="l">0</subfield>
    <subfield code="o">H330.35 EST 16</subfield>
    <subfield code="p">R01535</subfield>
    <subfield code="r">2026-04-10 16:08:01</subfield>
    <subfield code="w">2026-04-10</subfield>
    <subfield code="y">RN</subfield>
  </datafield>
  <datafield tag="952" ind1=" " ind2=" ">
    <subfield code="0">0</subfield>
    <subfield code="1">0</subfield>
    <subfield code="4">0</subfield>
    <subfield code="7">0</subfield>
    <subfield code="a">BCEJYS</subfield>
    <subfield code="b">BCEJYS</subfield>
    <subfield code="c">17</subfield>
    <subfield code="d">2003-03-15</subfield>
    <subfield code="h">N&#xBA; 15 - mar. 2003</subfield>
    <subfield code="l">0</subfield>
    <subfield code="o">H330.35 EST 15</subfield>
    <subfield code="p">R00014</subfield>
    <subfield code="r">2026-04-10 16:08:01</subfield>
    <subfield code="w">2026-04-10</subfield>
    <subfield code="y">RN</subfield>
  </datafield>
  <datafield tag="952" ind1=" " ind2=" ">
    <subfield code="0">0</subfield>
    <subfield code="1">0</subfield>
    <subfield code="4">0</subfield>
    <subfield code="7">0</subfield>
    <subfield code="a">BCEJYS</subfield>
    <subfield code="b">BCEJYS</subfield>
    <subfield code="c">17</subfield>
    <subfield code="d">2003-03-01</subfield>
    <subfield code="h">N&#xBA; 14 - mar. 2003</subfield>
    <subfield code="l">0</subfield>
    <subfield code="o">H330.35 EST 14</subfield>
    <subfield code="p">R00013</subfield>
    <subfield code="r">2026-04-10 16:08:01</subfield>
    <subfield code="w">2026-04-10</subfield>
    <subfield code="y">RN</subfield>
  </datafield>
  <datafield tag="952" ind1=" " ind2=" ">
    <subfield code="0">0</subfield>
    <subfield code="1">0</subfield>
    <subfield code="4">0</subfield>
    <subfield code="7">0</subfield>
    <subfield code="a">BCEJYS</subfield>
    <subfield code="b">BCEJYS</subfield>
    <subfield code="c">17</subfield>
    <subfield code="d">2003-02-01</subfield>
    <subfield code="h">N&#xBA; 13 - feb. 2003</subfield>
    <subfield code="l">0</subfield>
    <subfield code="o">H330.35 EST 13</subfield>
    <subfield code="p">R00012</subfield>
    <subfield code="r">2026-04-10 16:08:01</subfield>
    <subfield code="w">2026-04-10</subfield>
    <subfield code="y">RN</subfield>
  </datafield>
  <datafield tag="952" ind1=" " ind2=" ">
    <subfield code="0">0</subfield>
    <subfield code="1">0</subfield>
    <subfield code="4">0</subfield>
    <subfield code="7">0</subfield>
    <subfield code="a">BCEJYS</subfield>
    <subfield code="b">BCEJYS</subfield>
    <subfield code="c">17</subfield>
    <subfield code="d">2002-11-01</subfield>
    <subfield code="h">N&#xBA; 11 - nov. 2002</subfield>
    <subfield code="l">0</subfield>
    <subfield code="o">H330.35 EST 11</subfield>
    <subfield code="p">R00011</subfield>
    <subfield code="r">2026-04-10 16:08:01</subfield>
    <subfield code="w">2026-04-10</subfield>
    <subfield code="y">RN</subfield>
  </datafield>
  <datafield tag="952" ind1=" " ind2=" ">
    <subfield code="0">0</subfield>
    <subfield code="1">0</subfield>
    <subfield code="4">0</subfield>
    <subfield code="7">0</subfield>
    <subfield code="a">BCEJYS</subfield>
    <subfield code="b">BCEJYS</subfield>
    <subfield code="c">17</subfield>
    <subfield code="d">2002-08-01</subfield>
    <subfield code="h">N&#xBA; 10 - ago. 2002</subfield>
    <subfield code="l">0</subfield>
    <subfield code="o">H330.35 EST 10</subfield>
    <subfield code="p">R00010</subfield>
    <subfield code="r">2026-04-10 16:08:01</subfield>
    <subfield code="w">2026-04-10</subfield>
    <subfield code="y">RN</subfield>
  </datafield>
  <datafield tag="952" ind1=" " ind2=" ">
    <subfield code="0">0</subfield>
    <subfield code="1">0</subfield>
    <subfield code="4">0</subfield>
    <subfield code="7">0</subfield>
    <subfield code="a">BCEJYS</subfield>
    <subfield code="b">BCEJYS</subfield>
    <subfield code="c">17</subfield>
    <subfield code="d">2002-07-01</subfield>
    <subfield code="h">N&#xBA; 9 - jul. 2002</subfield>
    <subfield code="l">0</subfield>
    <subfield code="o">H330.35 EST 9</subfield>
    <subfield code="p">R00023</subfield>
    <subfield code="r">2026-04-10 16:08:01</subfield>
    <subfield code="w">2026-04-10</subfield>
    <subfield code="y">RN</subfield>
  </datafield>
  <datafield tag="952" ind1=" " ind2=" ">
    <subfield code="0">0</subfield>
    <subfield code="1">0</subfield>
    <subfield code="4">0</subfield>
    <subfield code="7">0</subfield>
    <subfield code="a">BCEJYS</subfield>
    <subfield code="b">BCEJYS</subfield>
    <subfield code="c">17</subfield>
    <subfield code="d">2002-07-01</subfield>
    <subfield code="h">N&#xBA; 9 - jul. 2002</subfield>
    <subfield code="l">0</subfield>
    <subfield code="o">H330.35 EST 9 Ej.2</subfield>
    <subfield code="p">R00009</subfield>
    <subfield code="r">2026-04-10 16:08:01</subfield>
    <subfield code="w">2026-04-10</subfield>
    <subfield code="y">RN</subfield>
  </datafield>
  <datafield tag="952" ind1=" " ind2=" ">
    <subfield code="0">0</subfield>
    <subfield code="1">0</subfield>
    <subfield code="4">0</subfield>
    <subfield code="7">0</subfield>
    <subfield code="a">BCEJYS</subfield>
    <subfield code="b">BCEJYS</subfield>
    <subfield code="c">17</subfield>
    <subfield code="d">2002-07-01</subfield>
    <subfield code="h">N&#xBA; 8 - jul. 2002</subfield>
    <subfield code="l">0</subfield>
    <subfield code="o">H330.35 EST 8</subfield>
    <subfield code="p">R00079</subfield>
    <subfield code="r">2026-04-10 16:08:01</subfield>
    <subfield code="w">2026-04-10</subfield>
    <subfield code="y">RN</subfield>
  </datafield>
  <datafield tag="952" ind1=" " ind2=" ">
    <subfield code="0">0</subfield>
    <subfield code="1">0</subfield>
    <subfield code="4">0</subfield>
    <subfield code="7">0</subfield>
    <subfield code="a">BCEJYS</subfield>
    <subfield code="b">BCEJYS</subfield>
    <subfield code="c">17</subfield>
    <subfield code="d">2002-07-01</subfield>
    <subfield code="h">N&#xBA; 8 - jul. 2002</subfield>
    <subfield code="l">0</subfield>
    <subfield code="o">H330.35 EST 8 Ej.2</subfield>
    <subfield code="p">R00008</subfield>
    <subfield code="r">2026-04-10 16:08:01</subfield>
    <subfield code="w">2026-04-10</subfield>
    <subfield code="y">RN</subfield>
  </datafield>
  <datafield tag="952" ind1=" " ind2=" ">
    <subfield code="0">0</subfield>
    <subfield code="1">0</subfield>
    <subfield code="4">0</subfield>
    <subfield code="7">0</subfield>
    <subfield code="a">BCEJYS</subfield>
    <subfield code="b">BCEJYS</subfield>
    <subfield code="c">17</subfield>
    <subfield code="d">2002-04-01</subfield>
    <subfield code="h">N&#xBA; 7 - abr. 2002</subfield>
    <subfield code="l">0</subfield>
    <subfield code="o">H330.35 EST 7</subfield>
    <subfield code="p">R01355</subfield>
    <subfield code="r">2026-04-10 16:08:01</subfield>
    <subfield code="w">2026-04-10</subfield>
    <subfield code="y">RN</subfield>
  </datafield>
  <datafield tag="952" ind1=" " ind2=" ">
    <subfield code="0">0</subfield>
    <subfield code="1">0</subfield>
    <subfield code="4">0</subfield>
    <subfield code="7">0</subfield>
    <subfield code="a">BCEJYS</subfield>
    <subfield code="b">BCEJYS</subfield>
    <subfield code="c">17</subfield>
    <subfield code="d">2002-04-01</subfield>
    <subfield code="h">N&#xBA; 6 - abr. 2002</subfield>
    <subfield code="l">0</subfield>
    <subfield code="o">H330.35 EST 6</subfield>
    <subfield code="p">R00007</subfield>
    <subfield code="r">2026-04-10 16:08:01</subfield>
    <subfield code="w">2026-04-10</subfield>
    <subfield code="y">RN</subfield>
  </datafield>
  <datafield tag="952" ind1=" " ind2=" ">
    <subfield code="0">0</subfield>
    <subfield code="1">0</subfield>
    <subfield code="4">0</subfield>
    <subfield code="7">0</subfield>
    <subfield code="a">BCEJYS</subfield>
    <subfield code="b">BCEJYS</subfield>
    <subfield code="c">17</subfield>
    <subfield code="d">2001-11-15</subfield>
    <subfield code="h">N&#xBA; 5 - nov. 2001</subfield>
    <subfield code="l">0</subfield>
    <subfield code="o">H330.35 EST 5</subfield>
    <subfield code="p">R01354</subfield>
    <subfield code="r">2026-04-10 16:08:01</subfield>
    <subfield code="w">2026-04-10</subfield>
    <subfield code="y">RN</subfield>
  </datafield>
  <datafield tag="952" ind1=" " ind2=" ">
    <subfield code="0">0</subfield>
    <subfield code="1">0</subfield>
    <subfield code="4">0</subfield>
    <subfield code="7">0</subfield>
    <subfield code="a">BCEJYS</subfield>
    <subfield code="b">BCEJYS</subfield>
    <subfield code="c">17</subfield>
    <subfield code="d">2001-11-01</subfield>
    <subfield code="h">N&#xBA; 4 - nov. 2001</subfield>
    <subfield code="l">0</subfield>
    <subfield code="o">H330.35 EST 4</subfield>
    <subfield code="p">R01353</subfield>
    <subfield code="r">2026-04-10 16:08:01</subfield>
    <subfield code="w">2026-04-10</subfield>
    <subfield code="y">RN</subfield>
  </datafield>
  <datafield tag="952" ind1=" " ind2=" ">
    <subfield code="0">0</subfield>
    <subfield code="1">0</subfield>
    <subfield code="4">0</subfield>
    <subfield code="7">0</subfield>
    <subfield code="a">BCEJYS</subfield>
    <subfield code="b">BCEJYS</subfield>
    <subfield code="c">17</subfield>
    <subfield code="d">2001-05-01</subfield>
    <subfield code="h">N&#xBA; 2 - mayo 2001</subfield>
    <subfield code="l">0</subfield>
    <subfield code="o">H330.35 EST 2</subfield>
    <subfield code="p">R00006</subfield>
    <subfield code="r">2026-04-10 16:08:01</subfield>
    <subfield code="w">2026-04-10</subfield>
    <subfield code="y">RN</subfield>
  </datafield>
  <datafield tag="952" ind1=" " ind2=" ">
    <subfield code="0">0</subfield>
    <subfield code="1">0</subfield>
    <subfield code="4">0</subfield>
    <subfield code="7">0</subfield>
    <subfield code="a">BCEJYS</subfield>
    <subfield code="b">BCEJYS</subfield>
    <subfield code="c">17</subfield>
    <subfield code="d">2001-03-01</subfield>
    <subfield code="h">N&#xBA; 1 - mar. 2001</subfield>
    <subfield code="l">0</subfield>
    <subfield code="o">H330.35 EST 1</subfield>
    <subfield code="p">R00005</subfield>
    <subfield code="r">2026-04-10 16:08:01</subfield>
    <subfield code="w">2026-04-10</subfield>
    <subfield code="y">RN</subfield>
  </datafield>
</record>
